Central Library OPAC University of Rajshahi

Planning library education programmes : (Record no. 450)

MARC details
000 -LEADER
fixed length control field 00940cam a2200289 4500
001 - CONTROL NUMBER
control field 450
003 - CONTROL NUMBER IDENTIFIER
rucl marc code BD-RjUL
005 - DATE AND TIME OF LATEST TRANSACTION
control field 20211208233200.0
008 - FIXED-LENGTH DATA ELEMENTS--GENERAL INFORMATION
fixed length control field 131118s1972 enk b 001 0 eng
020 ## - INTERNATIONAL STANDARD BOOK NUMBER
International Standard Book Number 023395760X
035 ## - SYSTEM CONTROL NUMBER
System control number (BD-RjUL) 467
040 ## - CATALOGING SOURCE
Original cataloging agency DLC
Transcribing agency DLC
Modifying agency DLC
Language of cataloging eng
041 ## - LANGUAGE CODE
Language code of text/sound track or separate title eng
082 00 - DEWEY DECIMAL CLASSIFICATION NUMBER
Classification number 020.7111724
Author mark and year DEP 1972
Edition number 16
100 1# - MAIN ENTRY--PERSONAL NAME
Personal name Dean, John
Fuller form of name (John E.)
9 (RLIN) 1403
245 10 - TITLE STATEMENT
Title Planning library education programmes :
Remainder of title a study of the problems involved in the management and operation of library schools in the developing countries /
Statement of responsibility, etc. John Dean.
260 ## - PUBLICATION, DISTRIBUTION, ETC. (IMPRINT)
Place of publication, distribution, etc. London :
Name of publisher, distributor, etc. Deutsch,
Date of publication, distribution, etc. c1972.
300 ## - PHYSICAL DESCRIPTION
Pagination 137 p. ;
Size 23 cm.
350 ## - PRICE (NR) (BK AM CF MU VM SE) [OBSOLETE]
Price £2.30
490 0# - SERIES STATEMENT
Series statement Grafton basic text
504 ## - BIBLIOGRAPHY, ETC. NOTE
Bibliography, etc Includes bibliographical references.
650 #0 - SUBJECT ADDED ENTRY--TOPICAL TERM
Topical term or geographic name as entry element Library schools
Geographic subdivision Developing countries.
9 (RLIN) 1404
Topical term or geographic name as entry element Library education
Geographic subdivision Developing countries.
9 (RLIN) 1405
942 ## - ADDED ENTRY ELEMENTS (KOHA)
Source of classification or shelving scheme Dewey Decimal Classification
Koha item type Books
Holdings
Lost status Source of classification or shelving scheme Damaged status Not for loan Collection code Permanent Location Current Location Shelving location Date acquired Source of acquisition Total Checkouts Full call number Date last seen Copy number Koha item type
  Dewey Decimal Classification   Not For Loan Non-fiction Central Library, University of Rajshahi Central Library, University of Rajshahi Reading Room 15/12/1988 Britain   020.7111724 DEP 1972 18/11/2013 C-1 Books